Zdjęcia satelitarne #2 - Statystyki

Ogólne statystyki
  • Ten quiz został rozwiązany 2 992 razy
  • Średni wynik to 14 z 17
Statystyki odpowiedzi
Obrazkowy Hint Odpowiedź % Poprawnych
kontynent Afryka
99%
państwo Francja
97%
państwo Indie
96%
państwo - częściowy widok Norwegia
96%
państwo Turcja
96%
pasmo górskie Alpy
95%
państwo Republika Południowej Afryki
93%
Stan USA Floryda
91%
półwysep Półwysep Iberyjski
90%
państwo Panama
87%
państwo Nowa Zelandia
86%
półwysep Koreański
78%
miasto Wenecja
73%
zbiornik wodny Zatoka Meksykańska
68%
zbiornik wodny Morze Egejskie
57%
zbiornik wodny Zatoka Perska
52%
półwysep Synaj
48%
Nie znaleziono quizów pasujących do podanych kryteriów
Rozkład punktacji
Procent ludzi z każdym wynikiem
Percentyl według liczby udzielonych odpowiedzi
Twoja historia wyników
Nie rozwiązałeś tego quizu